MARC

LEADER 00000nab a2200000 a 4500
001 vtls000918819
003 SK-MaSNL
005 20260303192158.0
008 040720e19930904xo 0 slo
035 |a KE27696 
040 |a KEVKJB  |b slo  |c KEVKJB  |e AACR2 
041 0 |a slo 
044 |a xo  |c SK 
080 |a 352.075.2  |2 1981 
080 |a 339.92  |2 1981 
100 0 |a (zib)  |4 aut  |9 1019377 
245 1 0 |a Skúsenosti aj doláre 
610 1 7 |a Košice (Slovensko).  |b Magistrát  |2 KEVKJB  |9 168631 
610 2 7 |a Cassovia Technopolis (Košice, Slovensko)  |2 KEVKJB  |9 880933 
650 0 7 |a spolupráca vzájomná  |2 KEVKJB  |9 880790 
650 0 7 |a projekty  |2 KEVKJB  |9 18866 
650 0 7 |a charakteristika  |2 KEVKJB  |9 30093 
650 0 7 |a informácie  |2 KEVKJB  |9 1285 
651 7 |a Innocent Tampera (Fínsko)  |2 KEVKJB  |9 1222411 
651 7 |a KE,  |2 KEVKJB  |9 877256 
655 7 |a periodikum  |2 snkbucl  |9 29553 
710 2 |a Mestský magistrát, Košice  |4 aut  |9 1222412 
710 2 |a Cassovia Technopolis (Košice, Slovensko)  |4 aut  |9 880933 
773 0 8 |t Lúč  |g Roč. 2, č.206, 4.9.1993, s. 3 
852 |a ZVYKNI  |b KIS3GCP 
999 |c 2144751  |d 2146681